[Event "Victoria-ch U20"]
[Site "Box Hill"]
[Date "2004.05.30"]
[Round "8"]
[White "Kerksal, David"]
[Black "Dour, Nicholas"]
[Result "0-1"]
[WhiteElo "1424"]
[BlackElo "1614"]
[PlyCount "74"]
[EventDate "2004.05.22"]
[EventType "swiss"]
[EventRounds "8"]
[EventCountry "AUS"]
[SourceTitle "EXT 2006"]
[Source "ChessBase"]
[SourceDate "2005.11.24"]
[SourceVersion "1"]
[SourceVersionDate "2005.11.24"]
[SourceQuality "1"]

1. e4 c5 2. Nc3 Nc6 3. g3 g6 4. Bg2 Bg7 5. d3 e5 6. Be3 d6 7. Qd2 a6 8. Nge2 Nd4 9. h3 Be6 10. 0-0 Bxh3 11. Bxd4 Bxg2 12. Bxe5 Bxe5 13. Kxg2 h5 14. Rh1 Ne7 15. Rab1 Qa5 16. Qe3 0-0-0 17. d4 cxd4 18. Nxd4 Qc5 19. Nce2 d5 20. Nf5 Qxe3 21. Nxe7+ Kd7 22. fxe3 Kxe7 23. c3 dxe4 24. Nd4 Bxd4 25. cxd4 Rc8 26. Rbc1 Ke6 27. Kh3 g5 28. Rhf1 f5 29. b4 Rhf8 30. Rc5 Rxc5 31. bxc5 Kd5 32. g4 fxg4+ 33. Kg2 Rf3 34. Rxf3 gxf3+ 35. Kf2 h4 36. a4 a5 37. Kg1 h3 0-1

[Event "Victoria-ch U20"]
[Site "Box Hill"]
[Date "2004.05.22"]
[Round "2"]
[White "Dour, Nicholas"]
[Black "Yu, Derek"]
[Result "0-1"]
[WhiteElo "1614"]
[BlackElo "1140"]
[PlyCount "52"]
[EventDate "2004.05.22"]
[EventType "swiss"]
[EventRounds "8"]
[EventCountry "AUS"]
[SourceTitle "EXT 2006"]
[Source "ChessBase"]
[SourceDate "2005.11.24"]
[SourceVersion "1"]
[SourceVersionDate "2005.11.24"]
[SourceQuality "1"]

1. e4 e5 2. Nf3 Nc6 3. Bb5 a6 4. Ba4 Nf6 5. 0-0 Be7 6. Re1 0-0 7. h3 d6 8. c3 Be6 9. d4 exd4 10. cxd4 d5 11. e5 Nd7 12. Nc3 Na5 13. Bc2 c5 14. dxc5 Bxc5 15. Nxd5 Rc8 16. Bxh7+ Kxh7 17. Ng5+ Kg8 18. Qh5 Bf5 19. b4 Bd4 20. Rb1 Bxb1 21. bxa5 Bg6 22. Qg4 Bxe5 23. f4 Bd4+ 24. Kh1 Nf6 25. Nxf6+ Qxf6 26. f5 Bxf5 0-1